<?xml version="1.0" encoding="UTF-8"?>
<record
    xmlns:xsi="http://www.w3.org/2001/XMLSchema-instance"
    xsi:schemaLocation="http://www.loc.gov/MARC21/slim http://www.loc.gov/standards/marcxml/schema/MARC21slim.xsd"
    xmlns="http://www.loc.gov/MARC21/slim">

  <leader>02501agaaa2200325   4500</leader>
  <controlfield tag="001">1523</controlfield>
  <controlfield tag="003">IT-RoPAU</controlfield>
  <controlfield tag="005">20220918181251.0</controlfield>
  <controlfield tag="007">d cvaizq</controlfield>
  <controlfield tag="008">50131s9999||||xx ||| |     ||   ||und||</controlfield>
  <datafield tag="040" ind1=" " ind2=" ">
    <subfield code="a">IT-RoPAU</subfield>
    <subfield code="c">IT-RoPAU</subfield>
  </datafield>
  <datafield tag="041" ind1=" " ind2=" ">
    <subfield code="a">ITALIANO</subfield>
  </datafield>
  <datafield tag="100" ind1=" " ind2=" ">
    <subfield code="a">Oshima Nagisa</subfield>
    <subfield code="g">Codice regista SPICS: 3027</subfield>
    <subfield code="9">49237</subfield>
  </datafield>
  <datafield tag="130" ind1=" " ind2=" ">
    <subfield code="a">CERIMONIA (LA)</subfield>
    <subfield code="9">49238</subfield>
  </datafield>
  <datafield tag="240" ind1=" " ind2=" ">
    <subfield code="a">GISHIKI</subfield>
    <subfield code="g">T1658</subfield>
  </datafield>
  <datafield tag="245" ind1=" " ind2=" ">
    <subfield code="a">CERIMONIA (LA)</subfield>
    <subfield code="c">Prodotto da: Oshima Nagisa -- Sceneggiatura: Tamura Tsutomu Sasaki Mamoru Oshima Nagisa -- Diretto da: Oshima Nagisa</subfield>
    <subfield code="p">CERIMONIA (LA) (Rif. Codice opera principale : 21523)</subfield>
  </datafield>
  <datafield tag="246" ind1=" " ind2=" ">
    <subfield code="a">GISHIKI</subfield>
  </datafield>
  <datafield tag="250" ind1=" " ind2=" ">
    <subfield code="a">Edizione Standard</subfield>
  </datafield>
  <datafield tag="260" ind1=" " ind2=" ">
    <subfield code="a">(GIAPPONE)</subfield>
    <subfield code="b">SOZOSHA FILM / Distribuzione: RAI</subfield>
    <subfield code="g">"1971 (1&#xB0; ed.: 1983 ; Ed. Lingua Orig.: 1971)"</subfield>
  </datafield>
  <datafield tag="300" ind1=" " ind2=" ">
    <subfield code="a">VHS</subfield>
    <subfield code="b">sonoro, col.</subfield>
    <subfield code="c">120 minuti</subfield>
  </datafield>
  <datafield tag="508" ind1=" " ind2=" ">
    <subfield code="a">"Fotografia: Narishima Toichiro; Montaggio: Uradka Keiichi; Musica: Takemitsu Toru; Sceneggiatura: Tamura Tsutomu Sasaki Mamoru Oshima Nagisa; "</subfield>
  </datafield>
  <datafield tag="511" ind1=" " ind2=" ">
    <subfield code="a">"Kawarazaki Kenzo; Nakamura Atsuo; Koyoma Akiki; Kaku Atsuko; Tsuchiya Kiyoshi"</subfield>
  </datafield>
  <datafield tag="520" ind1=" " ind2=" ">
    <subfield code="a">LA MORTE DI KAZUOMI PATRIARCA DELLA ARISTOCRATICA E POTENTE FAMIGLIA SAKURADA COSTRINGE IL NIPOTE MASUO AD ORGANIZZARE LE ONORANZE FUNEBRI E AD ASSUMERE LA DIREZIONE DEL CLAN DEL QUALE PER 25 ANNI HA SUBITO I CONTRACCOLPI PUR TENTANDO DI VIVERNE ALL'ESTERNO UN TELEGRAMMA ANNUNCIA LA MORTE DEL CUGINO TERUMICHI E MASUO IN COMPAGNIA DI RITSUKO MOGLIE DEL DEFUNTO SI RECA NELL'ISOLA OVE QUELLO SI ERA AUTOESILIATO DOPO AVER ABBANDONATO LA MOGLIE NEL CORSO DEL VIAGGIO MASUO RICORDA A SE STESSO E ALLA CUGINA LE TAPPE PRINCIPALI DELLA PROPRIA STORIA: NEL 1946 LA MORTE DEL PADRE KINICHIRO SUICIDA ALL'ANNUNCIO DELLE RINUNCE FATTE DALL'IMPERATORE NEL 1952 I FUNERALI DELLA MADREKIKU NEL 1956 IL MATRIMONIO DELLO ZIO ISAMU E LA MORTE DELLA ZIA SETSUKO NEL 1961 IL PROPRIO MATRIMONIO CELEBRATO STRANAMENTE IN ASSENZA DELLA LATITANTE FIDANZARA E LA MORTE DEL CUGINO TADASHI POLIZIOTTO GIUNTI NELLA CAPANNAOVE TERUMICHI SI E' SUICIDATO I DUE CUGINI LEGGONO IL SEGUENTE TESTAMENTO:SONO L'UNICO IN GRADO DI EREDITARE LA FAMIGLIA SAKURADA QUINDI RITSUKO SI UCCIDE ACCANTO AL MORTO E MASUO RIMANE SOLO SULLA DESERTA SPIAGGIA</subfield>
  </datafield>
  <datafield tag="538" ind1=" " ind2=" ">
    <subfield code="a">PAL, STEREO</subfield>
  </datafield>
  <datafield tag="546" ind1=" " ind2=" ">
    <subfield code="a">ITALIANO</subfield>
  </datafield>
  <datafield tag="650" ind1=" " ind2=" ">
    <subfield code="a">DRAMMATICO</subfield>
    <subfield code="e">FILMS [VHS]</subfield>
    <subfield code="x">Codice MATERIA SPICS: 9960</subfield>
    <subfield code="9">34083</subfield>
  </datafield>
  <datafield tag="700" ind1=" " ind2=" ">
    <subfield code="a">Oshima Nagisa </subfield>
    <subfield code="e">(regista)</subfield>
    <subfield code="g">Codice regista SPICS: 3027</subfield>
    <subfield code="9">49239</subfield>
  </datafield>
  <datafield tag="700" ind1=" " ind2=" ">
    <subfield code="a">Takemitsu Toru</subfield>
    <subfield code="e">(musica)</subfield>
    <subfield code="g">Codice Musica SPICS: 14883</subfield>
    <subfield code="9">49240</subfield>
  </datafield>
  <datafield tag="942" ind1=" " ind2=" ">
    <subfield code="c">VH</subfield>
    <subfield code="2">ddc</subfield>
  </datafield>
  <datafield tag="999" ind1=" " ind2=" ">
    <subfield code="c">106882</subfield>
    <subfield code="d">106882</subfield>
  </datafield>
  <datafield tag="952" ind1=" " ind2=" ">
    <subfield code="0">0</subfield>
    <subfield code="1">0</subfield>
    <subfield code="4">0</subfield>
    <subfield code="6">21523_000000000000000</subfield>
    <subfield code="7">1</subfield>
    <subfield code="a">SPICS</subfield>
    <subfield code="b">SPICS</subfield>
    <subfield code="d">2015-01-31</subfield>
    <subfield code="l">0</subfield>
    <subfield code="o">21523</subfield>
    <subfield code="r">2015-01-31 00:00:00</subfield>
    <subfield code="w">2015-01-31</subfield>
    <subfield code="y">VH</subfield>
    <subfield code="z">Progr. Ins.: 1319 / N.Vol.:1 / Copie: 1 / Pag.: / Copia rara: n.d. / date import: 1.2.2015 / By Epidotti, Trombetti, Vaglietti</subfield>
  </datafield>
</record>
